000
00240nam a2200097Ia 4500
008
240331s9999 xx 000 0 und d
082
_b
LOC
100
_a
Lynes,K. ed
245
0
_a
From local to global :
_b
making peace work for women
942
_c
L
999
_c
1340
_d
1340